Statistics for Amazon... or Nile?

Click here to take the quiz!

General Stats

  • This quiz has been taken 30,844 times
    (30,160 since last reset)
  • The average score is 13 of 16

Answer Stats

QuestionAnswer% Correct
Is in South AmericaAmazon
99%
Empties into the Mediterranean SeaNile
98%
Has piranhasAmazon
96%
Is the namesake of a company worth more than $1 trillionAmazon
96%
Had more people living in its basin in 1000 BCNile
91%
Travels mostly in the West to East directionAmazon
89%
Flows through more national capitalsNile
82%
Has bridges across its main branchNile
79%
Has a greater amount of water flowing through itAmazon
78%
Has dolphinsAmazon
78%
Has a dam on its main branchNile
78%
Has crocodilesNile
75%
Has more tributariesAmazon
73%
Has more people living in its basinNile
72%
Is named after a Greek legendAmazon
69%
Is deeperAmazon
57%

Score Distribution

Percentile by Number Answered

Percent of People with Each Score

Your Score History

You have not taken this quiz since the last reset